<?xml version="1.0" encoding="UTF-8"?>
<collection xmlns="http://www.loc.gov/MARC21/slim">
<record>
  <controlfield tag="001">156521</controlfield>
  <controlfield tag="005">20250516093847.0</controlfield>
  <datafield tag="037" ind1=" " ind2=" ">
    <subfield code="a">TAZ-TFG-2015-814</subfield>
  </datafield>
  <datafield tag="041" ind1=" " ind2=" ">
    <subfield code="a">spa</subfield>
  </datafield>
  <datafield tag="100" ind1="1" ind2=" ">
    <subfield code="a">Sanz Pérez, Lidia</subfield>
  </datafield>
  <datafield tag="245" ind1="0" ind2="0">
    <subfield code="a">Estudio descriptivo del perfil clínico y sociodemográfico, de los diagnósticos enfermeros NANDA y de los planes de cuidados de enfermería de los mayores de 65 años inmovilizados de un centro de salud urbano y otro rural.</subfield>
  </datafield>
  <datafield tag="260" ind1=" " ind2=" ">
    <subfield code="a">Zaragoza</subfield>
    <subfield code="b">Universidad de Zaragoza</subfield>
    <subfield code="c">2015</subfield>
  </datafield>
  <datafield tag="506" ind1=" " ind2=" ">
    <subfield code="a">by-nc-sa</subfield>
    <subfield code="b">Creative Commons</subfield>
    <subfield code="c">3.0</subfield>
    <subfield code="u">http://creativecommons.org/licenses/by-nc-sa/3.0/</subfield>
  </datafield>
  <datafield tag="520" ind1=" " ind2=" ">
    <subfield code="a">Los pacientes inmovilizados suponen un gran volumen de trabajo para enfermería ya que la inactividad prolongada entraña graves complicaciones locales y sistémicas. Por ello es necesario evaluar la utilización del Diagnóstico Enfermero para la valoración de necesidades del paciente y resolución de problemas que podrían ser evitados desde atención primaria.  Describir el perfil clínico y los diagnósticos de enfermería vinculados a los pacientes con inmovilización mayores de 65 años de los centros de salud de Teruel Ensanche y de Monreal del Campo. Se ha realizado un estudio observacional descriptivo transversal de pacientes inmovilizados  >65 años registrados por el sistema OMI-AP desde el 1 de enero del 2014 al 19 de enero del 2015.  La población diana fueron 59 pacientes registrados en Monreal del campo y 133 en el centro de salud de Teruel Ensanche. Se obtuvo una muestra final de 126 pacientes (38 de Monreal y 88 de Teruel). En cuanto a diagnósticos principales el de Senilidad fue el más predominante y respecto a diagnósticos enfermeros el Déficit de autocuidado alcanzó un 78,5%. También observamos que un 55,6% presentaban riesgo de UPP.  El uso y aplicación de los diagnósticos enfermeros en la práctica clínica de los pacientes inmovilizados es muy bajo. Nos encontramos con la necesidad de desarrollar una metodología en la formación enfermera y revisión del programa OMI-AP para conseguir una mayor aceptación y registro por parte de enfermería.  Inmovilizados, Diagnósticos NANDA, Planes de cuidados enfermería, Atención primaria.&lt;br /></subfield>
  </datafield>
  <datafield tag="521" ind1=" " ind2=" ">
    <subfield code="a">Graduado en Enfermería</subfield>
  </datafield>
  <datafield tag="540" ind1=" " ind2=" ">
    <subfield code="a">Derechos regulados por licencia Creative Commons</subfield>
  </datafield>
  <datafield tag="700" ind1=" " ind2=" ">
    <subfield code="a">Valdearcos Enguidanos, Santiago</subfield>
    <subfield code="e">dir.</subfield>
  </datafield>
  <datafield tag="710" ind1="2" ind2=" ">
    <subfield code="a">Universidad de Zaragoza</subfield>
    <subfield code="b">Fisiatría y Enfermería</subfield>
    <subfield code="c">Enfermería</subfield>
  </datafield>
  <datafield tag="856" ind1="0" ind2=" ">
    <subfield code="f">648094@celes.unizar.es</subfield>
  </datafield>
  <datafield tag="856" ind1="4" ind2=" ">
    <subfield code="s">905414</subfield>
    <subfield code="u">http://zaguan.unizar.es/record/156521/files/TAZ-TFG-2015-814.pdf</subfield>
    <subfield code="y">Memoria (spa)</subfield>
  </datafield>
  <datafield tag="909" ind1="C" ind2="O">
    <subfield code="o">oai:zaguan.unizar.es:156521</subfield>
    <subfield code="p">driver</subfield>
    <subfield code="p">trabajos-fin-grado</subfield>
  </datafield>
  <datafield tag="950" ind1=" " ind2=" ">
    <subfield code="a"></subfield>
  </datafield>
  <datafield tag="980" ind1=" " ind2=" ">
    <subfield code="a">TAZ</subfield>
    <subfield code="b">TFG</subfield>
    <subfield code="c">ENFTER</subfield>
  </datafield>
  <datafield tag="951" ind1=" " ind2=" ">
    <subfield code="a">deposita:2025-05-16</subfield>
  </datafield>
</record>
</collection>